PÔVODNÉ DREVINY LUŽNÝCH LESOV NA SLOVENSKOM ÚSEKU DUNAJA

Bibliographic Details
Main Author: Požgaj, Jozef (Author)
Format: Article
Language:Slovak

MARC

LEADER 00000naa a2200000uu 4500
001 vtls011085152
003 SK-MaSNL
005 20260302105131.0
008 210905|1995 xo |||||||||||||||||slo|
015 |a SNBRA 
035 |a (urnnbn)urn:nbn:sk:snk:ar-a0clsd 
035 |a (uuid)cf4e506f-d226-4cbe-bed0-54480e395ae4 
035 |a urn:nbn:sk:snk-aavroa 
040 |a SNKBUCL  |b slo  |c SNKBUCL  |e AACR2 
041 0 |a slo 
044 |a xo  |c SK 
100 1 |a Požgaj, Jozef  |4 aut  |9 6460 
245 1 0 |a PÔVODNÉ DREVINY LUŽNÝCH LESOV NA SLOVENSKOM ÚSEKU DUNAJA  |c Jozef POŽGAJ 
773 0 |t Dunaj - tepna Európy  |d Bratislava : T.R.T.MDIUM, 1995  |g S. 315-327 
958 |a OND 
958 |a article12 
958 |a chapter 
999 |c 1237491  |d 1239421